|
|
|
|
| LEADER |
01029nab#a2200337#ar4500 |
| 001 |
000090809 |
| 003 |
SVKKK |
| 005 |
20080814103336.0 |
| 008 |
080401d1904 xo |||||||||||||||b|hun |
| FMT |
|
|
|
| 038 |
|
|
|a SVKKK
|
| 040 |
|
|
|a SVKKK
|b slo
|e AACR2
|
| 041 |
0 |
|
|a hun
|
| 044 |
|
|
|a xo
|c SK
|
| 080 |
|
|
|a 614.9
|2 1997
|
| 242 |
1 |
0 |
|a Prevzatie úradu
|y slo
|
| 245 |
1 |
0 |
|a Hivatal átvétel
|
| 500 |
|
|
|a Popis z mikrofilmu
|
| 520 |
2 |
|
|a práva o nástupe zverolekára Jána Gálfalvyho do funkcie v Michalovciach v decembri 1904
|
| 600 |
1 |
4 |
|a Gálfalvy, Ján
|d 18??-19??
|x zverolekár
|z Michalovce (Slovensko)
|x pôsobenie
|
| 650 |
0 |
4 |
|a zverolekár mestský
|x menovanie úradné
|z Michalovce (Slovensko)
|y 1904
|
| 655 |
|
4 |
|a hungariká
|
| 773 |
0 |
|
|t Felsőmagyarországi Hirlap : Politikai ujság
|g Roč. 7, č. 96 (7.12.1904) s. 2
|
| 957 |
|
|
|a Michalovce
|
| 958 |
|
|
|a DG
|
| 958 |
|
|
|a HU
|
| 974 |
|
|
|a Ba
|
| 992 |
|
|
|a RBX
|
| 997 |
|
|
|a Gálfalvy, János p. Gálfalvy, Ján
|d Nagymihály p. Michalovce
|
| BAS |
|
|
|
| 998 |
|
|
|a RETRO
|